000 00751cam a22002413a 4500
001 24952
003 PGUSA
005 20140828083533.0
008 080329s2008||||xxu|||||s|||||000 1 eng d
040 _aPGUSA
_beng
042 _adc
050 4 _aPR
100 1 _aBecke, Louis,
_d1855-1913
245 1 0 _aÂmona; The Child; And The Beast; And Others :
_bFrom "The Strange Adventure Of James Shervinton and other stories" - 1902
_h[electronic resource] /
_cLouis Becke
260 _bProject Gutenberg,
_c2008
506 _aPublic domain in the USA.
516 _aElectronic text
653 _aOceania -- Fiction
653 _aShort stories
830 0 _aProject Gutenberg
_v24952
856 4 0 _uhttp://www.gutenberg.org/ebooks/24952
942 _cEB
999 _c254207
_d254207